书目信息 |
| 题名: |
绿色生产
|
|
| 作者: | 杨文进 著 | |
| 分册: | ||
| 出版信息: | 北京 中国环境出版社 2015.12 |
|
| 页数: | 216页 | |
| 开本: | 23cm | |
| 丛书名: | 绿色经济与绿色发展丛书 | |
| 单 册: | ||
| 中图分类: | F062.2 | |
| 科图分类: | ||
| 主题词: | 绿色经济--研究 | |
| 电子资源: | ||
| ISBN: | 978-7-5111-2654-2 | |
| 000 | 00940nam0 2200265 450 | |
| 001 | 1242 | |
| 005 | 20180927161923.26 | |
| 010 | @a978-7-5111-2654-2@dCNY45.00 | |
| 100 | @a20160412d2015 em y0chiy50 ea | |
| 101 | 0 | @achi@eeng |
| 102 | @aCN@b110000 | |
| 105 | @ay z 000yy | |
| 200 | 1 | @a绿色生产@9lv se sheng chan@b专著@dGreen production@zeng@f杨文进著 |
| 210 | @a北京@c中国环境出版社@d2015.12 | |
| 215 | @a216页@d23cm | |
| 225 | 1 | @a绿色经济与绿色发展丛书@f刘思华主编@h第一批 |
| 300 | @a“十二五”国家重点图书出版规划项目 国家出版基金项目 | |
| 330 | @a本书共分为六章,主要内容包括:导论、绿色经济系统、绿色生产的实现方式、绿色生产与其他因素的关系、绿色生产的主体、绿色生产的实现途径。 | |
| 461 | 0 | @12001 @a绿色经济与绿色发展丛书 |
| 510 | 1 | @aGreen production@zeng |
| 606 | 0 | @a绿色经济@x研究 |
| 690 | @aF062.2@v5 | |
| 701 | 0 | @a杨文进@9yang wen jin@4著 |
| 801 | 0 | @aCN@b91MARC@c20160516 |
| 905 | @aMuseLib@dF062.2@e168 | |
| 绿色生产=Green production/杨文进著.-北京:中国环境出版社,2015.12 |
| 216页;23cm.-(绿色经济与绿色发展丛书/刘思华主编.第一批) |
| “十二五”国家重点图书出版规划项目 国家出版基金项目 |
| ISBN 978-7-5111-2654-2:CNY45.00 |
| 本书共分为六章,主要内容包括:导论、绿色经济系统、绿色生产的实现方式、绿色生产与其他因素的关系、绿色生产的主体、绿色生产的实现途径。 |
| ● |
| 相关链接 |
|
|
|
|
正题名:绿色生产
索取号:F062.2/168
 
预约/预借
| 序号 | 登录号 | 条形码 | 馆藏地/架位号 | 状态 | 备注 |
| 1 | 1121859 | 211218591 | 第一样本阅览室/ [索取号:F062.2/168] | 在馆 | |
| 2 | 1121860 | 211218608 | 第一借阅区/ [索取号:F062.2/168] | 在馆 | |
| 3 | 1121861 | 211218617 | 第一借阅区/ [索取号:F062.2/168] | 在馆 | |
| 4 | 1121862 | 211218626 | 密集书库-生命科学系/ [索取号:F062.2/168] | 在馆 | |
| 5 | 1121863 | 211218635 | 第一借阅区/ [索取号:F062.2/168] | 在馆 |